00516nam a2200169Ia 4500008004100000020001800041082001900059100001800078245007900096250000800175260002500183300001800208650004200226650004100268650001500309700002200324220501s2018 xx 000 0 eng d a9789352865581 a658.4013 KUB-C aKubiak, T. M. 0aCertified six sigma black belt handbookcT. M. Kubiak and Donald W. Benbow a3rd aNoidabPearsonc2018 axxxvii, 908p. aQuality control - Statistical methods aSix sigma - Quality control standard aStatistics aBenbow, Donald W.